Capital taxation II: maintenance funds: the 1930 Finance Act (Record no. 99090)

MARC details
000 -LEADER
fixed length control field 00458cam a2200157 4500
001 - CONTROL NUMBER
control field D11452
008 - FIXED-LENGTH DATA ELEMENTS--GENERAL INFORMATION
fixed length control field 090401t xxu||||| |||| 00| 0 eng d
035 ## - SYSTEM CONTROL NUMBER
System control number (Sirsi) u98110
041 ## - LANGUAGE CODE
Language code of text/sound track or separate title eng
100 ## - MAIN ENTRY--PERSONAL NAME
Personal name Saunders-Watson, M.
245 ## - TITLE STATEMENT
Title Capital taxation II: maintenance funds: the 1930 Finance Act
350 ## - PRICE (NR) (BK AM CF MU VM SE) [OBSOLETE]
Price 0
520 ## - SUMMARY, ETC.
Summary, etc. In RICS et al. Joint heritage taxation seminar (held at) RICS, 3rd November 1980. 1980/105A
942 ## - ADDED ENTRY ELEMENTS (KOHA)
Suppress in OPAC 0
948 ## - LOCAL PROCESSING INFORMATION (OCLC); SERIES PART DESIGNATOR (RLIN)
c (OCLC) 04/03/1997
Holdings
Withdrawn status Lost status Source of classification or shelving scheme Damaged status Not for loan Home library Current library Shelving location Date acquired Total Checkouts Full call number Barcode Date last seen Copy number Price effective from Koha item type
    Other/Generic Classification Scheme     London London RICS Boxes 04/05/2001   RICS 1980/105 98110-1001 06/08/2019 1 06/08/2019 Reference material